000 00638nam a22002172 4500
001 0000020318
005 20151217161159.0
008 110912s xx 000 0 eng d
020 _a0199237173 :
040 _aKABU
_cKABU
245 1 0 _aOxford dictionary of quotations /
_cedited by Elizabeth Knowles.
250 _a7th ed.
260 _aOxford :
_bO. U. P.,
_c2009.
300 _axxxi, 1153 p.
650 0 _aQuotations.
_@0000054200
650 0 _aQuotations, English.
_@0000057530
700 1 _aKnowles, Elizabeth.
_@0000180486
908 _a110912
950 _@1
999 _c15231
_d15231